الادارة في الاسلام

Bibliographic Details
Main Author: علي, محمد مهنا (Author)
Format: Book
Published: Jiddah al-Dar al-Sa`udiyah 1985
Subjects:

MARC

LEADER 00000cam a2200000 7i4500
001 0000000278
008 021118s1985
090 0 0 |a JF1358  |b .A4 1985 
100 0 |a علي, محمد مهنا  |e author 
241 0 3 |a al-Idarah fi al-Islam 
245 1 2 |a الادارة في الاسلام  |c محمد مهنا العلي 
260 2 |a Jiddah  |b al-Dar al-Sa`udiyah  |c 1985 
300 |a 288 p.  |c 24 cm 
650 0 |a Public administration  |x Religious aspects  |x Islam 
999 |a 1000049930  |b Book  |c OPEN SHELF (30 DAYS)  |e Gong Badak Campus